01404nam a2200373Ia 4500001001200000003000800012006001900020007001500039008004100054010001700095015001900112016001800131020001500149020001500164040002100179035002100200050002400221082001600245100002300261245014200284250001200426260004300438300002400481504006600505533015200571650001500723650005000738650002800788655002900816700002100845700002100866710001700887856012600904ebr10135406CaPaEBRm u cr cn|||||||||050511s2005 nyua sb 001 0 eng d z 2005049186 aGBA5906832bnb7 z0133213242Uk z1403978859 z1403970971 aCaPaEBRcCaPaEBR a(OCoLC)56046047914aJF1001b.F49 2005eb04a324.6/32221 aFerrara, Federico.10aMixed electoral systemsh[electronic resource] :bcontamination and its consequences /cFederico Ferrara, Erik S. Herron, Misa Nishikawa. a1st ed. aNew York :bPalgrave Macmillan,c2005. axii, 184 p. :bill. aIncludes bibliographical references (p. [167]-178) and index. aElectronic reproduction.bPalo Alto, Calif. :cebrary,d2009.nAvailable via World Wide Web.nAccess may be limited to ebrary affiliated libraries. 0aElections. 0aRepresentative government and representation. 0aComparative government. 7aElectronic books.2local1 aHerron, Erik S.1 aNishikawa, Misa.2 aebrary, Inc.40uhttp://site.ebrary.com/lib/rucke/Doc?id=10135406zAn electronic book accessible through the World Wide Web; click to view